Sports Quiz

Random Sports or Cricket Quiz

ICC World T20 Squads 2016 Quiz Stats

 Plays Quiz not verified by Sporcle

Challenge
Share
Tweet
Embed
Score 0/240 Timer 10:00
0 Plays Today
Hint Answer % Correct
IndiaVirat Kohli
92.7%
EnglandJoe Root
92.1%
AustraliaSteve Smith
90.2%
AustraliaDavid Warner
89.6%
EnglandMoeen Ali
89%
IndiaMS Dhoni
88.4%
EnglandEoin Morgan
87.8%
OmanAmir Ali
87.2%
OmanKhawar Ali
87.2%
PakistanAnwar Ali
87.2%
EnglandJason Roy
85.4%
EnglandAlex Hales
84.8%
EnglandBen Stokes
82.9%
EnglandJos Buttler
81.1%
EnglandChris Jordan
79.9%
IndiaRohit Sharma
79.3%
EnglandAdil Rashid
76.2%
West IndiesChris Gayle
76.2%
AustraliaAaron Finch
75.6%
New ZealandKane Williamson
75.6%
New ZealandMartin Guptill
75%
EnglandDavid Willey
74.4%
IndiaRavichandran Ashwin
74.4%
AfghanistanRashid Khan
73.2%
Hong KongAizaz Khan
73.2%
Hong KongNizakat Khan
73.2%
Hong KongWaqas Khan
73.2%
IndiaShikhar Dhawan
73.2%
OmanBilal Khan
73.2%
OmanMehran Khan
73.2%
PakistanSharjeel Khan
73.2%
AustraliaShane Watson
72.6%
New ZealandRoss Taylor
72%
BangladeshShakib Al Hasan
71.3%
ScotlandRob Taylor
71.3%
West IndiesJerome Taylor
71.3%
EnglandLiam Plunkett
70.1%
AustraliaGlenn Maxwell
69.5%
BangladeshTamim Iqbal
69.5%
IndiaHarbhajan Singh
69.5%
IndiaRavindra Jadeja
69.5%
OmanJatinder Singh
69.5%
South AfricaAB de Villiers
69.5%
New ZealandTrent Boult
68.9%
New ZealandTim Southee
68.9%
West IndiesDwayne Bravo
65.2%
IndiaAjinkya Rahane
64%
IrelandKevin O'Brien
63.4%
IrelandNiall O'Brien
63.4%
West IndiesDarren Sammy
63.4%
IrelandWilliam Porterfield
62.8%
South AfricaFaf du Plessis
62.8%
South AfricaQuinton de Kock
62.8%
PakistanShahid Afridi
62.2%
AustraliaUsman Khawaja
61.6%
South AfricaDale Steyn
61.6%
Sri LankaAngelo Mathews
61.6%
South AfricaHashim Amla
61%
IndiaSuresh Raina
60.4%
New ZealandNathan McCullum
60.4%
ZimbabweSean Williams
60.4%
Hong KongKinchit Shah
59.8%
AustraliaAdam Zampa
57.9%
EnglandReece Topley
57.9%
IndiaJasprit Bumrah
57.9%
New ZealandCorey Anderson
56.7%
New ZealandIsh Sodhi
56.7%
West IndiesMarlon Samuels
56.7%
AfghanistanMohammad Nabi
56.1%
AustraliaJames Faulkner
55.5%
New ZealandMitchell Santner
55.5%
BangladeshMushfiqur Rahim
54.9%
IndiaHardik Pandya
54.9%
PakistanSarfraz Ahmed
54.3%
AustraliaJosh Hazlewood
53.7%
Hong KongNadeem Ahmed
53.7%
OmanSultan Ahmed
53.7%
AustraliaPeter Nevill
51.8%
AfghanistanMohammad Shahzad
51.2%
PakistanMohammad Amir
51.2%
Hint Answer % Correct
South AfricaImran Tahir
51.2%
BangladeshMashrafe Mortaza
50.6%
BangladeshMustafizur Rahman
50.6%
AustraliaNathan Coulter-Nile
50%
BangladeshSabbir Rahman
50%
IrelandPaul Stirling
49.4%
West IndiesCarlos Brathwaite
48.8%
EnglandJames Vince
47.6%
New ZealandLuke Ronchi
47.6%
South AfricaKagiso Rabada
47.6%
West IndiesSamuel Badree
47%
AustraliaMitch Marsh
46.3%
BangladeshMahmudullah
46.3%
IndiaAshish Nehra
46.3%
IrelandGeorge Dockrell
46.3%
West IndiesJohnson Charles
46.3%
West IndiesAndre Russell
46.3%
West IndiesLendl Simmons
46.3%
South AfricaJean-Paul Duminy
45.7%
Sri LankaTillakaratne Dilshan
45.7%
BangladeshAl-Amin Hossain
45.1%
BangladeshNasir Hossain
45.1%
BangladeshNurul Hasan
45.1%
South AfricaDavid Miller
45.1%
New ZealandColin Munro
44.5%
PakistanMohammad Hafeez
44.5%
Sri LankaDinesh Chandimal
44.5%
AfghanistanDawlat Zadran
43.9%
AfghanistanNoor Ali Zadran
43.9%
AfghanistanShapoor Zadran
43.9%
EnglandSam Billings
43.9%
AfghanistanNajibullah Zadran
43.3%
West IndiesSulieman Benn
42.7%
NetherlandsAhsan Malik
42.1%
PakistanAhmed Shehzad
42.1%
PakistanShoaib Malik
42.1%
PakistanUmar Akmal
42.1%
EnglandLiam Dawson
41.5%
PakistanWahab Riaz
39%
ScotlandKyle Coetzer
39%
New ZealandMitchell McClenaghan
37.8%
Sri LankaRangana Herath
37.8%
IndiaMohammed Shami
37.2%
Sri LankaThisara Perera
37.2%
AustraliaAshton Agar
36.6%
IrelandBoyd Rankin
36.6%
PakistanMohammad Irfan
34.8%
NetherlandsBen Cooper
34.1%
NetherlandsTom Cooper
34.1%
New ZealandAdam Milne
34.1%
South AfricaKyle Abbott
34.1%
South AfricaChris Morris
34.1%
AfghanistanAsghar Stanikzai
33.5%
IndiaManish Pandey
33.5%
ZimbabweHamilton Masakadza
33.5%
ZimbabweWellington Masakadza
32.9%
NetherlandsPeter Borren
32.3%
AustraliaJohn Hastings
31.1%
West IndiesDenesh Ramdin
31.1%
New ZealandGrant Elliott
30.5%
PakistanMohammad Sami
29.9%
ScotlandJosh Davey
29.9%
BangladeshSoumya Sarkar
29.3%
IrelandTim Murtagh
28%
IrelandGary Wilson
26.8%
NetherlandsStephan Myburgh
26.8%
South AfricaAaron Phangiso
26.8%
AfghanistanHamid Hassan
25.6%
AfghanistanSamiullah Shenwari
25.6%
AustraliaAndrew Tye
25%
South AfricaFarhaan Behardien
24.4%
AfghanistanGulbadin Naib
23.8%
West IndiesJason Holder
23.2%
Hong KongJamie Atkinson
22.6%
IrelandAndy Balbirnie
22%
Sri LankaLahiru Thirimanne
22%
IndiaPawan Negi
21.3%
PakistanImad Wasim
21.3%
ZimbabweElton Chigumbura
21.3%
NetherlandsRoelof van der Merwe
20.7%
Hint Answer % Correct
West IndiesEvin Lewis
20.7%
Sri LankaSuranga Lakmal
20.1%
ScotlandMatt Machan
19.5%
NetherlandsMudassar Bukhari
18.9%
ScotlandPreston Mommsen
18.9%
ScotlandRichie Berrington
18.9%
ScotlandMatthew Cross
18.9%
South AfricaRilee Rossouw
18.9%
Sri LankaNuwan Kulasekara
18.9%
NetherlandsWesley Barresi
17.7%
Hong KongBabar Hayat
17.1%
Hong KongMark Chapman
17.1%
NetherlandsTimm van der Gugten
17.1%
IrelandAndy McBrine
15.2%
South AfricaDavid Wiese
14.6%
Hong KongAnshy Rath
14%
Hong KongRyan Campbell
14%
AfghanistanShafiqullah
13.4%
NetherlandsPaul van Meekeren
13.4%
PakistanMohammad Nawaz
13.4%
Sri LankaShehan Jayasuriya
13.4%
ZimbabweMalcolm Waller
13.4%
BangladeshShuvagata Hom
12.8%
IrelandMax Sorensen
12.8%
ScotlandCalum MacLeod
12.8%
ZimbabweSikandar Raza
12.8%
AfghanistanAmir Hamza
12.2%
PakistanKhalid Latif
12.2%
Sri LankaDushmantha Chameera
12.2%
IrelandCraig Young
11.6%
ScotlandAlasdair Evans
11.6%
IrelandAndrew Poynter
11%
IrelandStuart Poynter
11%
Sri LankaChamara Kapugedera
11%
ZimbabweTendai Chatara
11%
AfghanistanUsman Ghani
10.4%
New ZealandHenry Nicholls
10.4%
OmanZeeshan Maqsood
9.8%
NetherlandsPieter Seelaar
9.1%
BangladeshAbu Hider
8.5%
Sri LankaSachithra Senanayake
8.5%
ZimbabweTinashe Panyangara
8.5%
ScotlandSafyaan Sharif
7.9%
IrelandStuart Thompson
7.3%
Sri LankaJeffrey Vandersay
7.3%
ZimbabweVusi Sibanda
7.3%
Hong KongTanwir Afzal
6.7%
NetherlandsLogan van Beek
6.1%
Hong KongChristopher Carter
5.5%
NetherlandsMichael Rippon
5.5%
Sri LankaMilinda Siriwardana
5.5%
ZimbabwePeter Moor
5.5%
BangladeshMohammad Mithun
4.9%
ScotlandMichael Leask
4.9%
ScotlandMark Watt
4.9%
Sri LankaDasun Shanaka
4.9%
ZimbabweChamu Chibhabha
4.9%
AfghanistanKarim Sadiq
4.3%
OmanMunis Ansari
4.3%
ScotlandGeorge Munsey
4.3%
ZimbabweRichmond Mutumbami
4.3%
BangladeshSaqlain Sajib
3.7%
Hong KongWaqas Barkat
3.7%
NetherlandsVivian Kingma
3.7%
West IndiesAshley Nurse
3.7%
OmanAdnan Ilyas
3%
OmanAjay Lalcheta
3%
ScotlandCon de Lange
3%
ZimbabweDonald Tiripano
2.4%
Hong KongHaseeb Amjad
1.8%
NetherlandsMax O'Dowd
1.2%
OmanZeeshan Siddiqui
1.2%
ScotlandGavin Main
1.2%
Hong KongAdil Mehmood
0.6%
OmanAamir Kaleem
0.6%
OmanRajeshkumar Ranpura
0.6%
OmanSufyan Mehmood
0.6%
OmanVaibhav Wategaonkar
0.6%
ZimbabweTawanda Mupariwa
0.6%
ZimbabweTendai Chisoro
0%

You're not logged in!

Compare scores with friends on all Sporcle quizzes.
Join for Free
OR
Log In

You Might Also Like...

Show Comments

Extras

Top Quizzes Today


Score Distribution

Your Account Isn't Verified!

In order to create a playlist on Sporcle, you need to verify the email address you used during registration. Go to your Sporcle Settings to finish the process.

Report this User

Report this user for behavior that violates our Community Guidelines.

Details: